Statistieken voor Noordelijk Halfrond... of Zuidelijk Halfrond?

Klik hier om de quiz te nemen!

Algemene statistieken

  • Deze quiz is 1.165 keer genomen
  • De gemiddelde score is 14 van 18

Antwoordstatistieken

VraagAntwoord% Correct
LondenNoordelijk
100%
GroenlandNoordelijk
99%
Rio de JaneiroZuidelijk
95%
AngolaZuidelijk
94%
AntarcticaZuidelijk
89%
TanzaniaZuidelijk
89%
Death ValleyNoordelijk
87%
Mount EverestNoordelijk
86%
PaaseilandZuidelijk
81%
Pyramides van GizehNoordelijk
79%
Machu PicchuZuidelijk
75%
PanamaNoordelijk
74%
IndiaNoordelijk
69%
KalahariwoestijnZuidelijk
69%
NigeriaNoordelijk
67%
SteenbokskeerkringZuidelijk
58%
ManillaNoordelijk
53%
MarianentrogNoordelijk
49%

Scoreverdeling

Percentiel versus Aantal Correcte Antwoorden

Procent van Mensen met Elke Score

Uw Scoregeschiedenis

U heeft deze quiz nog niet genomen